[Event "Ottawa National Capital op"]
[Site "Ottawa"]
[Date "2018.11.16"]
[Round "1"]
[White "Cova, Ramon"]
[Black "Tomb, Maroun"]
[Result "0-1"]
[WhiteElo "2013"]
[BlackElo "2302"]
[PlyCount "96"]
[EventDate "2018.11.16"]
[EventType "swiss"]
[EventRounds "5"]
[EventCountry "CAN"]
[SourceTitle "EXT 2022"]
[Source "ChessBase"]
[SourceDate "2021.10.06"]
[SourceVersion "1"]
[SourceVersionDate "2021.10.06"]
[SourceQuality "1"]

1. d4 d6 2. Nf3 Nf6 3. Nc3 Nbd7 4. e4 e5 5. Bc4 Be7 6. 0-0 c6 7. Bb3 h6 8. dxe5 dxe5 9. Qe2 0-0 10. h3 Qc7 11. Be3 b5 12. a3 a5 13. Nd2 Ba6 14. Nd1 a4 15. Ba2 c5 16. f3 Rfd8 17. Nf2 c4 18. c3 Nh5 19. Kh2 Nf4 20. Qe1 Nc5 21. Bxf4 exf4 22. Rd1 Bh4 23. Bb1 Qe5 24. Qe2 h5 25. Rfe1 Rd6 26. Nf1 Rad8 27. Rd5 Bg3+ 28. Kg1 Rxd5 29. exd5 Qxe2 30. Rxe2 g6 31. Nxg3 fxg3 32. Ne4 Kf8 33. Nxc5 Rxd5 34. Nd3 cxd3 35. Rd2 b4 36. axb4 Bc4 37. Kf1 Ke7 38. Ke1 Kf6 39. Kd1 Ke5 40. b5 Kf4 41. b6 Ke3 42. Ke1 Rb5 43. Kd1 Rxb6 44. Kc1 g5 45. Rd1 Rd6 46. Re1+ Kf2 47. Kd2 Kxg2 48. Re4 Kxf3 0-1

[Event "CAN-ch University"]
[Site "Ottawa"]
[Date "2018.01.14"]
[Round "4"]
[White "Cova, Ramon"]
[Black "Nasir, Zehn"]
[Result "0-1"]
[WhiteElo "2035"]
[BlackElo "2261"]
[PlyCount "64"]
[EventDate "2018.01.13"]
[EventType "swiss"]
[EventRounds "5"]
[EventCountry "CAN"]
[SourceTitle "EXT 2022"]
[Source "ChessBase"]
[SourceDate "2021.10.06"]
[SourceVersion "1"]
[SourceVersionDate "2021.10.06"]
[SourceQuality "1"]

1. d4 Nf6 2. Nf3 e6 3. Bf4 c5 4. e3 Qb6 5. Qc1 Nc6 6. c3 d5 7. Bd3 Be7 8. h3 Bd7 9. Nbd2 Rc8 10. 0-0 0-0 11. Rb1 cxd4 12. exd4 Nb4 13. Bc2 Nxc2 14. Qxc2 Qa6 15. Ra1 Bb5 16. Rfe1 Bd3 17. Qc1 b5 18. a3 Qb7 19. Ne5 Bf5 20. g4 Bg6 21. h4 h5 22. Nxg6 fxg6 23. g5 Nd7 24. Bg3 Qb6 25. Qb1 Rf5 26. Qd3 Rcf8 27. Re3 R8f7 28. Rae1 Nf8 29. Nf3 Bd6 30. Bxd6 Qxd6 31. Ne5 Rxf2 32. Nxf7 Qh2# 0-1

[Event "Ottawa RA March op"]
[Site "Ottawa"]
[Date "2017.03.05"]
[Round "4"]
[White "Cova, Ramon"]
[Black "Villeneuve, Robert"]
[Result "0-1"]
[WhiteElo "2085"]
[BlackElo "1863"]
[PlyCount "28"]
[EventDate "2017.03.03"]
[EventType "swiss"]
[EventRounds "5"]
[EventCountry "CAN"]
[SourceTitle "EXT 2022"]
[Source "ChessBase"]
[SourceDate "2021.10.06"]
[SourceVersion "1"]
[SourceVersionDate "2021.10.06"]
[SourceQuality "1"]

1. e4 c5 2. Nc3 Nc6 3. f4 e6 4. Nf3 d5 5. Bb5 Nge7 6. exd5 Nxd5 7. Bxc6+ bxc6 8. d3 Bd6 9. g3 Nxc3 10. bxc3 0-0 11. c4 Rb8 12. 0-0 e5 13. fxe5 Bxe5 14. Nxe5 Qd4+ 0-1

[Event "Ottawa RA Fall op"]
[Site "Ottawa"]
[Date "2016.09.23"]
[Round "4"]
[White "Collins, Chris"]
[Black "Cova, Ramon"]
[Result "1-0"]
[WhiteElo "2075"]
[BlackElo "2085"]
[PlyCount "29"]
[EventDate "2016.09.21"]
[EventType "swiss"]
[EventRounds "5"]
[EventCountry "CAN"]
[SourceTitle "EXT 2022"]
[Source "ChessBase"]
[SourceDate "2021.10.06"]
[SourceVersion "1"]
[SourceVersionDate "2021.10.06"]
[SourceQuality "1"]

1. e4 Nf6 2. Nc3 d5 3. e5 Ne4 4. d4 Nxc3 5. bxc3 Bf5 6. Rb1 b6 7. Ba3 Qd7 8. Nf3 h6 9. Bd3 Bxd3 10. cxd3 Na6 11. 0-0 Rc8 12. e6 Qc6 13. Ne5 Qb7 14. Qf3 c5 15. Qxf7+ 1-0

[Event "Ottawa Eastern Ontario op"]
[Site "Ottawa"]
[Date "2016.06.25"]
[Round "4"]
[White "Cova, Ramon"]
[Black "Gordon, David"]
[Result "0-1"]
[WhiteElo "2085"]
[BlackElo "2237"]
[PlyCount "80"]
[EventDate "2016.06.24"]
[EventType "swiss"]
[EventRounds "5"]
[EventCountry "CAN"]
[SourceTitle "EXT 2022"]
[Source "ChessBase"]
[SourceDate "2021.10.06"]
[SourceVersion "1"]
[SourceVersionDate "2021.10.06"]
[SourceQuality "1"]

1. d4 Nf6 2. Nf3 c5 3. e3 d5 4. b3 Nc6 5. Bd3 Bg4 6. Bb2 Qa5+ 7. Qd2 Qc7 8. Nc3 Bxf3 9. gxf3 e6 10. a3 a6 11. Ne2 e5 12. dxc5 Bxc5 13. Ng3 g6 14. f4 Qe7 15. fxe5 Nxe5 16. Be2 0-0 17. Qc3 d4 18. exd4 Bxd4 19. Qxd4 Nf3+ 20. Kf1 Nxd4 21. Bxd4 Ne4 22. Bd3 Nd2+ 23. Kg2 Qd6 24. Be3 Qd5+ 25. Kg1 Nxb3 26. Rd1 Nc5 27. Be2 Qc6 28. h3 Rad8 29. Kh2 Rxd1 30. Rxd1 Ne6 31. Bd3 f5 32. Bh6 Rd8 33. Re1 Kf7 34. Rb1 b5 35. h4 Nd4 36. Bg5 Nf3+ 37. Kh3 Rd4 38. Rb4 Nxg5+ 39. hxg5 Rxb4 40. axb4 Qf3 0-1

[Event "Ottawa Eastern Ontario op"]
[Site "Ottawa"]
[Date "2016.06.25"]
[Round "5"]
[White "Donev, Danail"]
[Black "Cova, Ramon"]
[Result "0-1"]
[WhiteElo "1945"]
[BlackElo "2085"]
[PlyCount "56"]
[EventDate "2016.06.24"]
[EventType "swiss"]
[EventRounds "5"]
[EventCountry "CAN"]
[SourceTitle "EXT 2022"]
[Source "ChessBase"]
[SourceDate "2021.10.06"]
[SourceVersion "1"]
[SourceVersionDate "2021.10.06"]
[SourceQuality "1"]

1. c4 e5 2. Nc3 Nc6 3. g3 f5 4. Bg2 Nf6 5. d3 Bb4 6. e3 d6 7. Nge2 Be6 8. 0-0 Bxc3 9. Nxc3 0-0 10. b3 Qd7 11. Nd5 Bxd5 12. cxd5 Nb4 13. e4 Qb5 14. a4 Qxd3 15. Qxd3 Nxd3 16. exf5 Nb4 17. Rd1 Nc2 18. Rb1 Nd4 19. Bb2 Nxf5 20. Rbc1 Rf7 21. Bh3 g6 22. g4 Nh4 23. f4 Ne4 24. g5 Rxf4 25. Be6+ Kh8 26. Rxc7 Rf2 27. Bxe5+ dxe5 28. Bg4 Rg2+ 0-1

[Event "Gatineau op-A"]
[Site "Gatineau"]
[Date "2015.03.??"]
[Round "5"]
[White "Cova, Ramon"]
[Black "Chiku Ratte, Olivier Kenta"]
[Result "1/2-1/2"]
[WhiteElo "2084"]
[BlackElo "2327"]
[PlyCount "81"]
[EventDate "2015.03.07"]
[EventType "swiss"]
[EventRounds "5"]
[EventCountry "CAN"]
[SourceTitle "EXT 2016"]
[Source "ChessBase"]
[SourceDate "2015.10.08"]
[SourceVersion "1"]
[SourceVersionDate "2015.10.08"]
[SourceQuality "1"]

1. d4 Nf6 2. Nf3 c5 3. e3 b6 4. b3 Bb7 5. Bb2 e6 6. Nbd2 Be7 7. Bd3 0-0 8. Qe2 d6 9. 0-0 a6 10. dxc5 bxc5 11. Rad1 Nc6 12. a3 Qc7 13. Ne4 Nd7 14. Rfe1 d5 15. Ng3 Na5 16. Nd2 Bf6 17. Bxf6 Nxf6 18. e4 Rfc8 19. exd5 Nxd5 20. Qh5 h6 21. Qe5 Qxe5 22. Rxe5 Nc6 23. Ree1 Nc3 24. Ra1 Nd4 25. Nge4 Bxe4 26. Nxe4 Nxe4 27. Rxe4 Rd8 28. Re3 Rd6 29. Rc1 Rad8 30. Bf1 a5 31. g3 g5 32. Kg2 Kg7 33. h3 f6 34. Rc3 Rd5 35. Re1 f5 36. Bc4 R5d6 37. Re5 Rc8 38. Bd3 Rd5 39. Re1 Rcd8 40. Bc4 R5d6 41. Bf1 1/2-1/2

[Event "Gatineau op-A"]
[Site "Gatineau"]
[Date "2015.03.??"]
[Round "3"]
[White "Cova, Ramon"]
[Black "De Kerpel, Stijn"]
[Result "0-1"]
[WhiteElo "2084"]
[BlackElo "2182"]
[PlyCount "108"]
[EventDate "2015.03.07"]
[EventType "swiss"]
[EventRounds "5"]
[EventCountry "CAN"]
[SourceTitle "EXT 2016"]
[Source "ChessBase"]
[SourceDate "2015.10.08"]
[SourceVersion "1"]
[SourceVersionDate "2015.10.08"]
[SourceQuality "1"]

1. d4 Nf6 2. Nf3 e6 3. e3 b6 4. Bd3 Bb7 5. Nbd2 d5 6. Ne5 Bd6 7. f4 0-0 8. 0-0 c5 9. c3 Ba6 10. Qe2 Bxd3 11. Qxd3 Nbd7 12. b3 Rc8 13. Bb2 Qc7 14. Rac1 Qb7 15. Rf3 b5 16. Qe2 c4 17. b4 a5 18. a3 Ra8 19. Rh3 Rfc8 20. g4 Bxe5 21. fxe5 Ne4 22. Nxe4 dxe4 23. g5 axb4 24. cxb4 Nf8 25. Rh4 c3 26. Rxc3 Rxc3 27. Bxc3 Rxa3 28. Be1 Ra1 29. Kg2 Qd5 30. Kg3 Ng6 31. Rg4 Ne7 32. h4 Ra2 33. Qf1 Nf5+ 34. Kf4 Ra3 35. Bf2 Nxd4 36. Qd1 Nc6 37. Qxd5 exd5 38. Rg1 Nxb4 39. Rd1 Nd3+ 40. Kg3 Kf8 41. Rb1 b4 42. Be1 b3 43. Bc3 g6 44. h5 Ke8 45. hxg6 hxg6 46. Rh1 Kd7 47. Rf1 Ke7 48. Rb1 Ke6 49. Rf1 b2 50. Bd4 Rb3 51. Rf6+ Ke7 52. Bxb2 Nxb2 53. Kf2 Nd3+ 54. Ke2 Nxe5 0-1